[Event "Bundesliga 8687"]
[Site "Germany"]
[Date "1987.??.??"]
[Round "?.2"]
[White "Seppeur, Reinhold"]
[Black "Arnold, Lothar"]
[Result "0-1"]
[WhiteElo "2295"]
[BlackElo "2305"]
[PlyCount "101"]
[EventDate "1986.10.??"]
[EventType "team-tourn"]
[EventRounds "15"]
[EventCountry "GER"]
[SourceTitle "GER-chT"]
[Source "ChessBase"]
[SourceDate "1999.07.01"]
[SourceVersion "1"]
[SourceVersionDate "1999.07.01"]
[SourceQuality "1"]
[WhiteTeam "Bamberg"]
[BlackTeam "Karlsruhe"]
[WhiteTeamCountry "GER"]
[BlackTeamCountry "GER"]

1. Nf3 Nf6 2. g3 b5 3. Bg2 Bb7 4. 0-0 e6 5. b3 Be7 6. Bb2 0-0 7. c4 a6 8. d3 c5 9. e3 d5 10. Qe2 Nc6 11. Nbd2 Qd7 12. Rfd1 Rad8 13. Rac1 Ba8 14. Bxf6 gxf6 15. cxd5 Qxd5 16. Ne1 Qd7 17. Ne4 Qa7 18. Qh5 Nb4 19. Rxc5 Rd5 20. Rxd5 Nxd5 21. Rc1 Nxe3 22. Qh6 Nd5 23. Nf3 Qd7 24. h4 Rc8 25. d4 Rxc1+ 26. Qxc1 Kg7 27. Nc5 Qc8 28. a3 a5 29. h5 h6 30. Kh2 Bd6 31. Nd2 f5 32. Nf3 Qc7 33. Qb2 Nf6 34. b4 axb4 35. axb4 Bd5 36. Ne5 Bxe5 37. dxe5 Ng4+ 38. Kg1 Bxg2 39. Kxg2 Qxe5 40. Qd2 Nf6 41. Qd3 Qd5+ 42. Qf3 Qc4 43. Nd3 Nd5 44. Qe2 Qe4+ 45. Qxe4 fxe4 46. Nc5 Nxb4 47. Nxe4 Nd5 48. g4 Nf6 49. Kf3 Nxe4 50. Kxe4 b4 51. f4 0-1

[Event "Bundesliga 1985/86"]
[Site "Germany"]
[Date "1986.03.16"]
[Round "13.2"]
[White "Chandler, Murray G"]
[Black "Seppeur, Reinhold"]
[Result "1-0"]
[WhiteElo "2535"]
[BlackElo "2295"]
[PlyCount "132"]
[EventDate "1985.11.09"]
[EventType "team-tourn"]
[EventRounds "15"]
[EventCountry "GER"]
[SourceTitle "GER-chT"]
[Source "ChessBase"]
[SourceDate "1999.07.01"]
[SourceVersion "1"]
[SourceVersionDate "1999.07.01"]
[SourceQuality "1"]
[WhiteTeam "Hamburger SK"]
[BlackTeam "Bamberg"]
[WhiteTeamCountry "GER"]
[BlackTeamCountry "GER"]

1. e4 c5 2. c3 Nf6 3. e5 Nd5 4. d4 cxd4 5. Nf3 Nc6 6. Bc4 Nb6 7. Bb3 d5 8. exd6 Qxd6 9. 0-0 Bf5 10. Nxd4 Nxd4 11. cxd4 e6 12. Nc3 Be7 13. Qf3 0-0 14. Rd1 Qd7 15. Be3 Rfd8 16. d5 e5 17. d6 Bf8 18. Bxb6 axb6 19. Nd5 e4 20. Qe3 Ra6 21. Nxb6 Qe8 22. Qc5 Be6 23. Rac1 Bxb3 24. axb3 e3 25. Rd3 exf2+ 26. Kxf2 Qe4 27. Rcd1 Re8 28. Kg1 Ra1 29. Qd4 Qxd4+ 30. Rxd4 Rxd1+ 31. Rxd1 Rd8 32. Nc4 b5 33. Na3 Bxd6 34. Kf1 b4 35. Nc2 Kf8 36. Nxb4 Ke8 37. Nc6 Rd7 38. Re1+ Kf8 39. g3 Rc7 40. Nd4 Rb7 41. Ke2 Bc5 42. Kd3 Rd7 43. Re4 f5 44. Rf4 Ke7 45. Kc4 Bxd4 46. Rxd4 Rc7+ 47. Kd3 Ke6 48. b4 Ke5 49. b5 Rb7 50. Rb4 g5 51. b6 h5 52. Rb5+ Ke6 53. Kd4 h4 54. gxh4 gxh4 55. Kc5 Kd7 56. Rb4 Kc8 57. Rxh4 Rf7 58. Rf4 Kb7 59. h4 Rh7 60. b4 Rh6 61. Kd5 Kxb6 62. Ke5 Rh5 63. Kf6 Kc6 64. Kg6 Rh8 65. h5 Kd6 66. h6 Ke6 1-0

[Event "Bundesliga 1985/86"]
[Site "Germany"]
[Date "1986.02.02"]
[Round "9.2"]
[White "Seppeur, Reinhold"]
[Black "Goehring, Karl Heinz"]
[Result "1-0"]
[WhiteElo "2295"]
[BlackElo "2355"]
[PlyCount "63"]
[EventDate "1985.11.09"]
[EventType "team-tourn"]
[EventRounds "15"]
[EventCountry "GER"]
[SourceTitle "GER-chT"]
[Source "ChessBase"]
[SourceDate "1999.07.01"]
[SourceVersion "1"]
[SourceVersionDate "1999.07.01"]
[SourceQuality "1"]
[WhiteTeam "Bamberg"]
[BlackTeam "Koeln Porz"]
[WhiteTeamCountry "GER"]
[BlackTeamCountry "GER"]

1. e4 e5 2. Bc4 Nf6 3. d3 Nc6 4. Nc3 Bc5 5. f4 d6 6. f5 Nd4 7. Nf3 c6 8. Nxd4 Bxd4 9. Qf3 b5 10. Bb3 Bb7 11. g4 Nd7 12. g5 Nc5 13. Ne2 Nxb3 14. axb3 Bb6 15. Ng3 g6 16. Be3 c5 17. Rf1 Qe7 18. Qg4 Bc8 19. Qe2 Bd7 20. h4 0-0-0 21. 0-0-0 b4 22. Rf2 Bc6 23. Rdf1 Rd7 24. h5 a5 25. Qg4 Kb7 26. fxg6 fxg6 27. Rf6 Rg8 28. Re6 Qd8 29. Rff6 gxh5 30. Qxh5 Bb5 31. Nf5 Bc7 32. Qh6 1-0

[Event "Bundesliga 8687"]
[Site "Germany"]
[Date "1986.??.??"]
[Round "?.1"]
[White "Gutman, Lev"]
[Black "Seppeur, Reinhold"]
[Result "1-0"]
[WhiteElo "2460"]
[BlackElo "2295"]
[PlyCount "65"]
[EventDate "1986.10.??"]
[EventType "team-tourn"]
[EventRounds "15"]
[EventCountry "GER"]
[SourceTitle "GER-chT"]
[Source "ChessBase"]
[SourceDate "1999.07.01"]
[SourceVersion "1"]
[SourceVersionDate "1999.07.01"]
[SourceQuality "1"]
[WhiteTeam "Koblenz"]
[BlackTeam "Bamberg"]
[WhiteTeamCountry "GER"]
[BlackTeamCountry "GER"]

1. Nf3 Nf6 2. g3 c5 3. Bg2 Nc6 4. d4 e6 5. 0-0 d5 6. c4 dxc4 7. Qa4 Bd7 8. dxc5 Bxc5 9. Qxc4 Qb6 10. Nc3 Na5 11. Qh4 0-0 12. Ne5 Nc6 13. Na4 Qb4 14. Nxc5 Qxc5 15. Nd3 Qd4 16. Bf4 Ne7 17. Qg5 Ng6 18. Be3 Qg4 19. Qxg4 Nxg4 20. Bc5 Rfd8 21. Bxb7 Rab8 22. Bg2 a5 23. Ba7 Rb5 24. a4 Rb3 25. Bd4 e5 26. Bc3 Bf5 27. Nc5 Rbb8 28. Nb7 Rd7 29. Nxa5 e4 30. Nc6 Re8 31. Nd4 Rd5 32. Nxf5 Rxf5 33. a5 1-0

[Event "Bundesliga 8687"]
[Site "Germany"]
[Date "1986.??.??"]
[Round "?.2"]
[White "Kindermann, Stefan"]
[Black "Seppeur, Reinhold"]
[Result "1-0"]
[WhiteElo "2485"]
[BlackElo "2295"]
[PlyCount "89"]
[EventDate "1986.10.??"]
[EventType "team-tourn"]
[EventRounds "15"]
[EventCountry "GER"]
[SourceTitle "GER-chT"]
[Source "ChessBase"]
[SourceDate "1999.07.01"]
[SourceVersion "1"]
[SourceVersionDate "1999.07.01"]
[SourceQuality "1"]
[WhiteTeam "Bayern Muenchen"]
[BlackTeam "Bamberg"]
[WhiteTeamCountry "GER"]
[BlackTeamCountry "GER"]

1. e4 c5 2. Nf3 d6 3. d4 cxd4 4. Nxd4 Nf6 5. Nc3 g6 6. Be2 Bg7 7. 0-0 Nc6 8. Nb3 0-0 9. Kh1 Be6 10. f4 Na5 11. f5 Bc4 12. e5 Ne8 13. Nxa5 Bxe2 14. Qxe2 Qxa5 15. Bg5 Bxe5 16. Bxe7 Ng7 17. Bxf8 Rxf8 18. fxg6 hxg6 19. Ne4 Nh5 20. c3 Kg7 21. g3 Rh8 22. Kg2 f5 23. Ng5 Qd5+ 24. Nf3 Nf6 25. Rad1 Qc6 26. Rd3 f4 27. Re1 g5 28. g4 Nxg4 29. Qe4 Qc8 30. Rxd6 Bxd6 31. Qd4+ Nf6 32. Qxd6 Re8 33. Re7+ Rxe7 34. Qxe7+ Kg6 35. h3 Qc6 36. Qe5 Ne4 37. Nd4 f3+ 38. Kxf3 Nd2+ 39. Kg3 Qh1 40. Qe6+ Kg7 41. Qe7+ Kh8 42. Kg4 Qg2+ 43. Kh5 Ne4 44. Kh6 Nf6 45. Qg7# 1-0

[Event "Bundesliga 1985/86"]
[Site "Germany"]
[Date "1985.11.10"]
[Round "2.2"]
[White "Steinbacher, Matthias"]
[Black "Seppeur, Reinhold"]
[Result "0-1"]
[WhiteElo "2290"]
[BlackElo "2295"]
[PlyCount "96"]
[EventDate "1985.11.09"]
[EventType "team-tourn"]
[EventRounds "15"]
[EventCountry "GER"]
[SourceTitle "GER-chT"]
[Source "ChessBase"]
[SourceDate "1999.07.01"]
[SourceVersion "1"]
[SourceVersionDate "1999.07.01"]
[SourceQuality "1"]
[WhiteTeam "Heidelberg"]
[BlackTeam "Bamberg"]
[WhiteTeamCountry "GER"]
[BlackTeamCountry "GER"]

1. Nf3 c5 2. b3 Nf6 3. Bb2 d5 4. e3 e6 5. Be2 Bd6 6. 0-0 0-0 7. c4 Nbd7 8. Nc3 b6 9. cxd5 exd5 10. d4 Bb7 11. Rc1 Rc8 12. Rc2 Qe7 13. dxc5 bxc5 14. Rd2 Rfd8 15. Re1 Nb6 16. Qb1 Ne4 17. Rdd1 f5 18. a4 a5 19. g3 Qf7 20. Nb5 Bb8 21. Ne5 Qe6 22. f4 Nd7 23. Nxd7 Rxd7 24. Bd3 Rcd8 25. Nc3 Ba7 26. Bb5 Re7 27. Qd3 Kh8 28. Bc4 Red7 29. Bb5 Rd6 30. Nxe4 fxe4 31. Qc3 d4 32. Qxa5 Bb6 33. Qd2 Qxb3 34. Rb1 Qf7 35. a5 Ba7 36. Qc1 Bd5 37. Ba3 Rh6 38. Bxc5 Qh5 39. Rb2 Rc8 40. Bxa7 Rxc1 41. Rxc1 dxe3 42. Bxe3 Qf3 43. Rc8+ Bg8 44. Rxg8+ Kxg8 45. Bc4+ Kf8 46. Bc5+ Ke8 47. Rb8+ Kd7 48. Bb5+ Kc7 0-1

[Event "Bundesliga 1985/86"]
[Site "Germany"]
[Date "1985.11.09"]
[Round "1.2"]
[White "Seppeur, Reinhold"]
[Black "Wolf, Volker"]
[Result "1-0"]
[WhiteElo "2295"]
[BlackElo "2315"]
[PlyCount "125"]
[EventDate "1985.11.09"]
[EventType "team-tourn"]
[EventRounds "15"]
[EventCountry "GER"]
[SourceTitle "GER-chT"]
[Source "ChessBase"]
[SourceDate "1999.07.01"]
[SourceVersion "1"]
[SourceVersionDate "1999.07.01"]
[SourceQuality "1"]
[WhiteTeam "Bamberg"]
[BlackTeam "Koblenz"]
[WhiteTeamCountry "GER"]
[BlackTeamCountry "GER"]

1. e4 e5 2. Bc4 Nf6 3. d3 Nc6 4. Nc3 Bc5 5. f4 Bxg1 6. Rxg1 d6 7. f5 Nd4 8. Bg5 c6 9. Qd2 b5 10. Bb3 h6 11. Be3 Ng4 12. Bxd4 exd4 13. Ne2 Qh4+ 14. g3 Qxh2 15. 0-0-0 Qf2 16. Rdf1 Qe3 17. Rf4 h5 18. Qxe3 dxe3 19. Rf3 a5 20. a3 Ra7 21. Nd4 Rc7 22. c3 Bd7 23. Nc2 c5 24. Bd5 Bc6 25. Bxc6+ Rxc6 26. Kd1 0-0 27. Ke2 c4 28. d4 Rd8 29. Rf4 Rb6 30. Nxe3 Nxe3 31. Kxe3 b4 32. axb4 axb4 33. g4 bxc3 34. bxc3 h4 35. g5 h3 36. d5 Rb2 37. Rh4 Rc2 38. Kd4 Rc8 39. Rg3 Rd2+ 40. Ke3 Rc2 41. Kf4 Rf2+ 42. Rf3 Rxf3+ 43. Kxf3 Ra8 44. Ke3 Ra2 45. Rxh3 Rg2 46. Kd4 Rxg5 47. Kxc4 Rg4 48. Re3 Kf8 49. Kb5 Ke7 50. Kc6 f6 51. c4 Rg1 52. Ra3 Rc1 53. Ra7+ Kf8 54. Kxd6 Rxc4 55. Re7 Ra4 56. Re6 Kf7 57. Kc7 Rc4+ 58. Rc6 Rxe4 59. d6 g6 60. d7 Rd4 61. Rd6 Rc4+ 62. Kb6 Rb4+ 63. Kc5 1-0

[Event "Bundesliga 1984/85"]
[Site "Germany"]
[Date "1985.05.11"]
[Round "14.1"]
[White "Seppeur, Reinhold"]
[Black "Unzicker, Wolfgang"]
[Result "0-1"]
[WhiteElo "2295"]
[BlackElo "2470"]
[PlyCount "102"]
[EventDate "1984.10.14"]
[EventType "team-tourn"]
[EventRounds "15"]
[EventCountry "GER"]
[SourceTitle "GER-chT"]
[Source "ChessBase"]
[SourceDate "1999.07.01"]
[SourceVersion "1"]
[SourceVersionDate "1999.07.01"]
[SourceQuality "1"]
[WhiteTeam "Bamberg"]
[BlackTeam "Muenchen 36"]
[WhiteTeamCountry "GER"]
[BlackTeamCountry "GER"]

1. e4 e5 2. Bc4 Nf6 3. d3 Nc6 4. Nc3 Bb4 5. Nf3 d6 6. h3 Na5 7. Bb3 Nxb3 8. axb3 h6 9. 0-0 0-0 10. Ne2 c6 11. Ng3 Re8 12. c3 Bc5 13. Re1 Bb6 14. d4 Bd7 15. Be3 a6 16. b4 Bc7 17. Qc2 Be6 18. Rad1 Qc8 19. dxe5 dxe5 20. Kh2 Rd8 21. Nh4 Bd6 22. Nhf5 Bf8 23. Bb6 Rxd1 24. Rxd1 Nd7 25. Be3 Qc7 26. Qe2 Kh7 27. Qd2 a5 28. bxa5 Rxa5 29. Qe2 g6 30. Nh4 Ra2 31. Rd2 Nb6 32. Bxb6 Qxb6 33. Nf3 Bg7 34. b4 Ra3 35. Rc2 c5 36. bxc5 Qxc5 37. Qd2 b5 38. Ne1 Bb3 39. Rb2 Bc4 40. Nc2 Ra6 41. Nb4 Rd6 42. Qc1 h5 43. Qg5 Bf6 44. Qc1 h4 45. Nh1 Qc7 46. f3 Qd8 47. Nf2 Bg5 48. Qa1 Bf4+ 49. Kh1 Bg3 50. Qa7 Rd2 51. Nd5 Rxb2 0-1

[Event "Bundesliga 1984/85"]
[Site "Germany"]
[Date "1985.02.09"]
[Round "8.1"]
[White "Herbrechtsmeier, Christof"]
[Black "Seppeur, Reinhold"]
[Result "1/2-1/2"]
[WhiteElo "2325"]
[BlackElo "2295"]
[PlyCount "119"]
[EventDate "1984.10.14"]
[EventType "team-tourn"]
[EventRounds "15"]
[EventCountry "GER"]
[SourceTitle "GER-chT"]
[Source "ChessBase"]
[SourceDate "1999.07.01"]
[SourceVersion "1"]
[SourceVersionDate "1999.07.01"]
[SourceQuality "1"]
[WhiteTeam "Zaehringen"]
[BlackTeam "Bamberg"]
[WhiteTeamCountry "GER"]
[BlackTeamCountry "GER"]

1. e4 c5 2. Nf3 d6 3. d4 cxd4 4. Nxd4 Nf6 5. Nc3 g6 6. Be3 Bg7 7. f3 Nc6 8. Qd2 0-0 9. g4 Nxd4 10. Bxd4 Be6 11. 0-0-0 Qa5 12. a3 Rfc8 13. h4 Rab8 14. h5 b5 15. h6 Bh8 16. Nd5 Qxd2+ 17. Rxd2 Nxd5 18. exd5 Bxd4 19. Rxd4 Bd7 20. Bd3 Rb6 21. Rd1 Kf8 22. Be2 Re8 23. f4 e5 24. dxe6 Rxe6 25. Bf3 Ke7 26. g5 Re3 27. Rf1 Bc6 28. Bg4 Bd7 29. Kd2 Rg3 30. Bf3 Be6 31. Ke1 Bc4 32. Rf2 Rg1+ 33. Kd2 a5 34. Bg2 Rb1 35. b3 Be6 36. a4 bxa4 37. Rxa4 Rb5 38. Re2 Rc5 39. Be4 Kd7 40. Re1 Rxe1 41. Kxe1 Bf5 42. Kd2 Ke6 43. Bxf5+ Kxf5 44. Rd4 d5 45. Kd3 f6 46. gxf6 Kxf6 47. b4 axb4 48. Rxb4 Rc7 49. Rb5 Kf5 50. Rxd5+ Kxf4 51. c4 g5 52. c5 g4 53. Ke2 Kg3 54. Kf1 Rc6 55. Rd3+ Kh2 56. Rd2+ Kh3 57. Rc2 Kg3 58. Rc3+ Kh2 59. Rc2+ Kh3 60. Kg1 1/2-1/2

[Event "Bundesliga 1984/85"]
[Site "Germany"]
[Date "1984.12.16"]
[Round "5.1"]
[White "Seppeur, Reinhold"]
[Black "Huebner, Robert"]
[Result "0-1"]
[WhiteElo "2310"]
[BlackElo "2620"]
[PlyCount "98"]
[EventDate "1984.10.14"]
[EventType "team-tourn"]
[EventRounds "15"]
[EventCountry "GER"]
[SourceTitle "GER-chT"]
[Source "ChessBase"]
[SourceDate "1999.07.01"]
[SourceVersion "1"]
[SourceVersionDate "1999.07.01"]
[SourceQuality "1"]
[WhiteTeam "Bamberg"]
[BlackTeam "Solingen"]
[WhiteTeamCountry "GER"]
[BlackTeamCountry "GER"]

1. e4 c5 2. Nc3 Nc6 3. g3 g6 4. Bg2 Bg7 5. d3 d6 6. Be3 Rb8 7. Qd2 b5 8. f4 b4 9. Nd1 e6 10. Nf3 Nd4 11. Nh4 Ne7 12. c3 bxc3 13. bxc3 Ndc6 14. g4 0-0 15. 0-0 f5 16. Nf2 Qb6 17. gxf5 exf5 18. Rac1 Rd8 19. exf5 Nxf5 20. Nxf5 Bxf5 21. Ne4 Ne7 22. Bf2 Rf8 23. Rfe1 Qc7 24. Ng5 Kh8 25. d4 Ng8 26. Ne6 Bxe6 27. Rxe6 Rf6 28. Rxf6 Nxf6 29. Bf3 Bh6 30. Re1 Rf8 31. Bh4 Ng8 32. Bg3 cxd4 33. cxd4 Qf7 34. Rf1 Bxf4 35. Qg2 Bxg3 36. Qxg3 Qf6 37. Qg4 Nh6 38. Qe4 Qg5+ 39. Bg2 Rxf1+ 40. Kxf1 Qc1+ 41. Kf2 Qd2+ 42. Kg1 Nf5 43. d5 Qxa2 44. Qe8+ Kg7 45. Be4 Qa1+ 46. Kf2 Qf6 47. Ke2 Qe7 48. Qxe7+ Nxe7 49. Kd3 Kf6 0-1

[Event "Bundesliga 1984/85"]
[Site "Germany"]
[Date "1984.10.14"]
[Round "1.1"]
[White "Seppeur, Reinhold"]
[Black "Heidrich, Manfred"]
[Result "0-1"]
[WhiteElo "2310"]
[BlackElo "2260"]
[PlyCount "104"]
[EventDate "1984.10.14"]
[EventType "team-tourn"]
[EventRounds "15"]
[EventCountry "GER"]
[SourceTitle "GER-chT"]
[Source "ChessBase"]
[SourceDate "1999.07.01"]
[SourceVersion "1"]
[SourceVersionDate "1999.07.01"]
[SourceQuality "1"]
[WhiteTeam "Bamberg"]
[BlackTeam "Erlangen"]
[WhiteTeamCountry "GER"]
[BlackTeamCountry "GER"]

1. e4 e6 2. d4 d5 3. Nd2 Nf6 4. e5 Nfd7 5. Bd3 c5 6. c3 Nc6 7. Ne2 f6 8. exf6 Nxf6 9. Nf3 Bd6 10. 0-0 0-0 11. Bg5 Qc7 12. dxc5 Bxc5 13. Bc2 h6 14. Bh4 Bd6 15. Qd3 g5 16. Bg3 e5 17. Bb3 Be6 18. Ned4 e4 19. Nxe6 Qe7 20. Qd2 Qxe6 21. Nd4 Qd7 22. Bxd6 Qxd6 23. Nf5 Qe5 24. Ne3 Rad8 25. Rad1 Na5 26. Qd4 Qxd4 27. Rxd4 Nxb3 28. axb3 Rd7 29. Rfd1 Rfd8 30. b4 a6 31. Kf1 Kf7 32. Ke2 Ke6 33. Ra1 Ng8 34. Ra5 Ne7 35. c4 Nc6 36. cxd5+ Kf7 37. Rxe4 Nxa5 38. bxa5 Rc8 39. Re6 Rxd5 40. Rxh6 Rb5 41. h4 gxh4 42. Rxh4 Rxb2+ 43. Kf3 Rc5 44. Ra4 b5 45. axb6 Rxb6 46. g4 a5 47. Rf4+ Kg8 48. Re4 Ra6 49. Ra4 Rb5 50. Kg3 Rb4 51. Ra3 a4 52. Ra2 a3 0-1

[Event "Bundesliga 1983/84"]
[Site "Germany"]
[Date "1984.05.06"]
[Round "15.1"]
[White "Wiemer, Ralf"]
[Black "Seppeur, Reinhold"]
[Result "1/2-1/2"]
[WhiteElo "2285"]
[BlackElo "2310"]
[PlyCount "64"]
[EventDate "1983.10.09"]
[EventType "team-tourn"]
[EventRounds "15"]
[EventCountry "GER"]
[SourceTitle "GER-chT"]
[Source "ChessBase"]
[SourceDate "1999.07.01"]
[SourceVersion "1"]
[SourceVersionDate "1999.07.01"]
[SourceQuality "1"]
[WhiteTeam "Muenster"]
[BlackTeam "Bamberg"]
[WhiteTeamCountry "GER"]
[BlackTeamCountry "GER"]

1. e4 c5 2. Nf3 d6 3. Bb5+ Nc6 4. 0-0 Bd7 5. c3 Nf6 6. Re1 a6 7. Bxc6 Bxc6 8. d4 Bxe4 9. Bg5 Bd5 10. Nbd2 e6 11. c4 Bxf3 12. Qxf3 cxd4 13. Qxb7 Be7 14. Qc6+ Nd7 15. Bxe7 Kxe7 16. Nf3 Qb6 17. Qe4 Nf6 18. Qd3 Rhc8 19. Nxd4 Kf8 20. b3 Rc5 21. Rad1 d5 22. Nc2 dxc4 23. bxc4 Rac8 24. Ne3 h6 25. Rb1 Qc7 26. Red1 Kg8 27. h3 Qf4 28. Qd6 Qxd6 29. Rxd6 Ra5 30. Rdb6 Ra8 31. R1b2 Kf8 32. Rc6 Ra7 1/2-1/2

[Event "Bundesliga 1983/84"]
[Site "Germany"]
[Date "1983.11.06"]
[Round "3.1"]
[White "Seppeur, Reinhold"]
[Black "Nunn, John DM"]
[Result "1/2-1/2"]
[WhiteElo "2310"]
[BlackElo "2570"]
[PlyCount "72"]
[EventDate "1983.10.09"]
[EventType "team-tourn"]
[EventRounds "15"]
[EventCountry "GER"]
[SourceTitle "GER-chT"]
[Source "ChessBase"]
[SourceDate "1999.07.01"]
[SourceVersion "1"]
[SourceVersionDate "1999.07.01"]
[SourceQuality "1"]
[WhiteTeam "Bamberg"]
[BlackTeam "Hamburger SK"]
[WhiteTeamCountry "GER"]
[BlackTeamCountry "GER"]

1. e4 c5 2. Nc3 Nc6 3. g3 g6 4. Bg2 Bg7 5. d3 d6 6. Be3 b5 7. Qd2 b4 8. Nd1 a5 9. Nf3 e5 10. 0-0 Nge7 11. Bh6 0-0 12. Nh4 f6 13. Bxg7 Kxg7 14. f4 exf4 15. gxf4 d5 16. Qf2 d4 17. b3 Qc7 18. Nb2 Ra6 19. Rac1 Nd8 20. Qg3 f5 21. Nc4 Raf6 22. e5 Ra6 23. Nf3 Nf7 24. Qh4 Re6 25. Nd6 h6 26. Nxf7 Rxf7 27. Nd2 Bb7 28. Bxb7 Qxb7 29. Rf3 Rf8 30. Rh3 Rh8 31. Kf2 Nd5 32. Nc4 Qe7 33. Qg3 Rd8 34. Rg1 Nc3 35. Qf3 Kh7 36. Kf1 Ra6 1/2-1/2

[Event "Bundesliga 1982/83"]
[Site "Germany"]
[Date "1983.05.07"]
[Round "14.3"]
[White "Seppeur, Reinhold"]
[Black "Cladouras, Panagiotis"]
[Result "1-0"]
[WhiteElo "2310"]
[BlackElo "2275"]
[PlyCount "72"]
[EventDate "1982.10.10"]
[EventType "team-tourn"]
[EventRounds "15"]
[EventCountry "GER"]
[SourceTitle "GER-chT"]
[Source "ChessBase"]
[SourceDate "1999.07.01"]
[SourceVersion "1"]
[SourceVersionDate "1999.07.01"]
[SourceQuality "1"]
[WhiteTeam "Erlangen"]
[BlackTeam "Lasker Steglitz"]
[WhiteTeamCountry "GER"]
[BlackTeamCountry "GER"]

1. e4 e5 2. Nf3 Nc6 3. c3 d6 4. d4 Qe7 5. Bb5 Bd7 6. 0-0 a6 7. Ba4 g6 8. c4 Bg7 9. Bg5 f6 10. Be3 Nh6 11. h3 0-0 12. Nc3 Nf7 13. Nd5 Qd8 14. c5 Ne7 15. Nc3 Bxa4 16. Qxa4 dxc5 17. dxe5 b6 18. Qb3 fxe5 19. Ng5 Nc6 20. Ne6 Qd7 21. Nxf8 Bxf8 22. Nd5 Kg7 23. f4 Nd4 24. Qd1 Bd6 25. f5 gxf5 26. Bxd4 exd4 27. Rxf5 Qe6 28. Qf3 Rf8 29. Nf4 Qh6 30. Nh5+ Kg8 31. Nf6+ Kg7 32. Rf1 Qe3+ 33. Qxe3 dxe3 34. Nh5+ Kg6 35. Nf4+ Bxf4 36. R5xf4 Rd8 1-0

[Event "Bundesliga 1982/83"]
[Site "Germany"]
[Date "1983.01.08"]
[Round "6.3"]
[White "Seppeur, Reinhold"]
[Black "Riefner, Edwin"]
[Result "1-0"]
[WhiteElo "2310"]
[BlackElo "2230"]
[PlyCount "77"]
[EventDate "1982.10.10"]
[EventType "team-tourn"]
[EventRounds "15"]
[EventCountry "GER"]
[SourceTitle "GER-chT"]
[Source "ChessBase"]
[SourceDate "1999.07.01"]
[SourceVersion "1"]
[SourceVersionDate "1999.07.01"]
[SourceQuality "1"]
[WhiteTeam "Erlangen"]
[BlackTeam "Marktheidenfeld"]
[WhiteTeamCountry "GER"]
[BlackTeamCountry "GER"]

1. e4 e6 2. d4 d5 3. Nd2 Nf6 4. e5 Nfd7 5. f4 c5 6. c3 Nc6 7. Ndf3 Qb6 8. Ne2 cxd4 9. cxd4 Bb4+ 10. Kf2 f6 11. Be3 fxe5 12. fxe5 0-0 13. Rc1 Be7 14. Qd2 Qd8 15. h4 Ndxe5 16. dxe5 Nxe5 17. Ned4 Bxh4+ 18. Kg1 Bf6 19. Nxe5 Bxe5 20. Nf3 Bf6 21. Rd1 Qd6 22. Bd3 g6 23. Qc2 Qd7 24. Bh6 Bg7 25. Qe2 Bxh6 26. Rxh6 Qg7 27. Rh2 Rf6 28. Ng5 h6 29. Nf3 Bd7 30. Ne5 h5 31. Rh3 Raf8 32. Rg3 Be8 33. Qe3 b6 34. Qg5 h4 35. Qxh4 Rf4 36. Qg5 Qf6 37. Bxg6 Qxg5 38. Rxg5 Kh8 39. Bxe8 1-0